Сетевой анализ публичной политики (Запись № 4614721)
[ простой вид ]
| 000 -МАРКЕР | |
|---|---|
| контрольное поле | 02182nam0a2200373 i 4500 |
| 001 - ИДЕНТИФИКАТОР ЗАПИСИ | |
| контрольное поле | RU\NLR\bibl\2058298 |
| 005 - ИДЕНТИФИКАТОР ВЕРСИИ | |
| контрольное поле | 20260408070329.0 |
| 010 ## - МЕЖДУНАРОДНЫЙ СТАНДАРТНЫЙ НОМЕР КНИГИ (ISBN) | |
| Номер (ISBN) | 9785998801563 |
| Тираж | 300 |
| 021 ## - НОМЕР ГОСУДАРСТВЕННОЙ РЕГИСТРАЦИИ | |
| Код страны | Российская Федерация |
| Номер | 2013-50920 |
| Номер Листа государственной регистраци | 3530 |
| 035 ## - ДРУГИЕ СИСТЕМНЫЕ НОМЕРА | |
| Идентификатор записи | (NLR Aleph) 002045107 |
| 100 ## - ДАННЫЕ ОБЩЕЙ ОБРАБОТКИ | |
| Данные общей обработки | 20130731d2013 u y0rusy50 ca |
| 101 0# - ЯЗЫК РЕСУРСА | |
| Язык текста, звукозаписи и т.д. | русский |
| 102 ## - СТРАНА ПУБЛИКАЦИИ ИЛИ ПРОИЗВОДСТВА | |
| Страна публикации | Российская Федерация |
| 105 ## - ПОЛЕ КОДИРОВАННЫХ ДАННЫХ: ТЕКСТОВЫЕ МАТЕРИАЛЫ, МОНОГРАФИЧЕСКИЕ | |
| Кодированные данные о монографическом текстовом документе | y ||||||||| |
| 200 1# - ЗАГЛАВИЕ И СВЕДЕНИЯ ОБ ОТВЕТСТВЕННОСТИ | |
| Основное заглавие | Сетевой анализ публичной политики |
| Сведения, относящиеся к заглавию | учебник |
| -- | [для программ магистратуры по направлению 030200 "Политология", 040100 "Социология", 080200 "Менеджмент", 081100 "Государственное и муниципальное управление" |
| Первые сведения об ответственности | доц., к.социол.н., Волкова А.В., д.филос.н. Евин И.А., к.полит.н. Коверзнева С.А. и др.] |
| Последующие сведения об ответственности | под ред. проф., д.филос.н. Л.В. Сморгунова |
| -- | С.-Петерб. гос. ун-т |
| 210 ## - ПУБЛИКАЦИЯ, РАСПРОСТРАНЕНИЕ И ДР. | |
| Место издания, распространения и т.д. | Москва |
| Имя издателя, распространителя и т. д. | РГ-Пресс |
| Дата издания, распространения и т.д. | 2013 |
| 215 ## - ФИЗИЧЕСКАЯ ХАРАКТЕРИСТИКА | |
| Специфическое обозначение материала и объем | 318 с. |
| Другие сведения о физической характеристике | ил. |
| Размеры | 21 |
| 300 ## - ОБЩИЕ ПРИМЕЧАНИЯ | |
| Текст примечания | Авт. указаны на обороте тит. л. |
| 320 ## - ПРИМЕЧАНИЯ О НАЛИЧИИ В ДОКУМЕНТЕ БИБЛИОГРАФИИ / УКАЗАТЕЛЯ | |
| Текст примечания | Библиогр.: с. 308-313 (113 назв.), в конце глав и в подстроч. примеч. |
| 606 1# - НАИМЕНОВАНИЕ ТЕМЫ КАК ПРЕДМЕТ | |
| Наименование темы | Политические сети |
| Формальный подзаголовок | Учебники для высших учебных заведений |
| Системный номер авторитетной/нормативной записи | 2256263 |
| Идентификатор авторитетной/нормативной записи | RU\NLR\AUTH\6601583239 |
| 606 1# - НАИМЕНОВАНИЕ ТЕМЫ КАК ПРЕДМЕТ | |
| Наименование темы | Политика |
| Формальный подзаголовок | Учебники для высших учебных заведений |
| Тематический подзаголовок | Теория |
| Системный номер авторитетной/нормативной записи | 2139625 |
| Идентификатор авторитетной/нормативной записи | RU\NLR\AUTH\661289760 |
| 686 1# - ИНДЕКСЫ ДРУГИХ КЛАССИФИКАЦИЙ | |
| Индекс | Ф011.4я73 |
| 686 1# - ИНДЕКСЫ ДРУГИХ КЛАССИФИКАЦИЙ | |
| Индекс | Ф.в.я73 |
| 701 #1 - ИМЯ ЛИЦА - АЛЬТЕРНАТИВНАЯ ОТВЕТСТВЕННОСТЬ | |
| Код отношения | Автор |
| Материалы, к которым относится поле | rus |
| Графика поля | Кириллица |
| Начальный элемент ввода | Волкова |
| Часть имени, кроме начального элемента ввода | А. В. |
| Дополнения к именам, кроме дат | канд. социол. наук |
| Даты | 1975- |
| Расширение инициалов личного имени | Анна Владимировна |
| Идентификатор авторитетной/нормативной записи | RU\NLR\auth\77125264 |
| Системный номер авторитетной/нормативной записи | 108189 |
| 701 #1 - ИМЯ ЛИЦА - АЛЬТЕРНАТИВНАЯ ОТВЕТСТВЕННОСТЬ | |
| Начальный элемент ввода | Евин |
| Часть имени, кроме начального элемента ввода | И. А. |
| Код отношения | Автор |
| 701 #1 - ИМЯ ЛИЦА - АЛЬТЕРНАТИВНАЯ ОТВЕТСТВЕННОСТЬ | |
| Начальный элемент ввода | Коверзнева |
| Часть имени, кроме начального элемента ввода | С. А. |
| Код отношения | Автор |
| 712 02 - НАИМЕНОВАНИЕ ОРГАНИЗАЦИИ - ВТОРИЧНАЯ ОТВЕТСТВЕННОСТЬ | |
| Код отношения | Прочие |
| Начальный элемент ввода | Санкт-Петербургский государственный университет |
| Идентификатор авторитетной/нормативной записи | RU\NLR\AUTH\8810043151 |
| Системный номер авторитетной/нормативной записи | 585805 |
| 801 #0 - ИСТОЧНИК ЗАПИСИ | |
| Страна | Российская Федерация |
| Организация | NLR |
| Дата составления | 20130731 |
| Правила каталогизации | RCR |
| 801 #1 - ИСТОЧНИК ЗАПИСИ | |
| Страна | Российская Федерация |
| Организация | NLR |
| Дата составления | 20130731 |
| 942 ## - ДОПОЛНИТЕЛЬНЫЕ ЭЛЕМЕНТЫ ЗАПИСИ (АБИС) | |
| Тип экземпляра АБИС | Книга |
| 980 ## - КОЛЛЕКЦИЯ | |
| Название коллекции | НБР |
Нет доступных экземпляров.